Modern Marketing Principles and Practices, 4/e (Record no. 8518)
[ view plain ]
| 000 -LEADER | |
|---|---|
| fixed length control field | 00396nam a22001457a 4500 |
| 003 - CONTROL NUMBER IDENTIFIER | |
| control field | OSt |
| 008 - FIXED-LENGTH DATA ELEMENTS--GENERAL INFORMATION | |
| fixed length control field | 200306b ||||| |||| 00| 0 eng d |
| 020 ## - INTERNATIONAL STANDARD BOOK NUMBER | |
| International Standard Book Number | 9788121916974 |
| 082 ## - DEWEY DECIMAL CLASSIFICATION NUMBER | |
| Classification number | 658.8 |
| Item number | RSM |
| 100 ## - MAIN ENTRY--PERSONAL NAME | |
| Personal name | R S N Pillai and Bagavathi |
| 245 ## - TITLE STATEMENT | |
| Title | Modern Marketing Principles and Practices, 4/e |
| 250 ## - EDITION STATEMENT | |
| Edition statement | 2nd Reprint |
| Remainder of edition statement | 2020 |
| 260 ## - PUBLICATION, DISTRIBUTION, ETC. (IMPRINT) | |
| Place of publication, distribution, etc | New Delhi |
| Name of publisher, distributor, etc | S. Chand Publishing |
| Date of publication, distribution, etc | 2020 |
| 942 00 - ADDED ENTRY ELEMENTS (KOHA) | |
| Source of classification or shelving scheme | Dewey Decimal Classification |
| Withdrawn status | Lost status | Source of classification or shelving scheme | Damaged status | Not for loan | Collection code | Home library | Current library | Date acquired | Currency | Cost, normal purchase price | Bill Number | Total Checkouts | Full call number | Acc. no. / Barcode | Date last seen | Copy number | Actual Cost, discounted price | Bill Date | Koha item type | Checked out | Date last borrowed | Public note |
|---|---|---|---|---|---|---|---|---|---|---|---|---|---|---|---|---|---|---|---|---|---|---|
| Dewey Decimal Classification | MBA | PIET C-LIBRARY | PIET C-LIBRARY | 06/03/2020 | IN Rupees | 550.00 | IN 6411 | 658.8 RSM | 31718 | 06/03/2020 | 1 | 396.00 | 13/02/2020 | Text Books | ||||||||
| Dewey Decimal Classification | MBA | PIET C-LIBRARY | PIET C-LIBRARY | 06/03/2020 | IN Rupees | 550.00 | IN 6411 | 2 | 658.8 RSM | 31719 | 13/01/2024 | 2 | 396.00 | 13/02/2020 | Text Books | 11/07/2024 | 13/01/2024 | . |